| 000 | 00808nam a22002177a 4500 | ||
|---|---|---|---|
| 005 | 20230109121324.0 | ||
| 008 | 230109b ||||| |||| 00| 0 eng d | ||
| 020 | _a9789392927119 | ||
| 040 | _cAL | ||
| 041 | _aeng | ||
| 082 |
_223 _a331 _bSINL |
||
| 100 |
_aJiwitesh Kumar Singh _968988 |
||
| 245 |
_aLabour Economics _b: Principles Problems and Practices |
||
| 250 | _a2nd, ed. | ||
| 260 |
_aNew Delhi _bRegal Publications _c2022 |
||
| 300 |
_axii,914p. _bHB _c22.1x14.5cm. |
||
| 365 |
_2General _a1832 _b₹2210.00 _c₹ _d₹2600.00 _e15% _f11-12-2022 |
||
| 520 | _aLabour Economics; Labour market issues; Trade unionism; Industrial Relations; Wages payment policy and methods; Social security and international Labour organization. | ||
| 650 |
_2Economics _aLabour Economics _968989 |
||
| 942 |
_2ddc _cBK |
||
| 999 |
_c226344 _d226344 |
||